000 00823 a2200229 4500
020 _a0132328771
040 _aDLC
_bDLC
082 0 0 _a005.73
100 1 _aLangsam, Yedidyah,
245 1 0 _aData structures using C and C++
_cYedidyah Langsam, Moshe J. Augenstein, Aaron M. Tenenbaum.
250 _a2nd ed.
260 _aUpper Saddle River, N.J. :
_bPrentice Hall,
_cc1996.
300 _axvi, 672 p. :
_bill. ;
_c24 cm.
500 _aRev. ed. of: Data structures using C / Aaron M. Tenenbaum, Yedidyah Langsam, Moshe J. Augenstein. c1990.
650 0 _aC (Computer program language)
650 0 _aC++ (Computer program language)
650 0 _aData structures (Computer science)
700 1 _aAugenstein, Moshe,
_d1947-
700 1 _aTenenbaum, Aaron M.
700 1 _aTenenbaum, Aaron M.
942 _cBK
_k005.73 LAN
_2ddc
999 _c4522
_d4522